Quiz sur la Révolution Américaine - Statistiques

Statistiques générales
  • Ce quiz a été pris 307 fois
  • Le résultat moyen est 8 sur 20
Statistiques - réponses
Question Réponse % Correct
Quel est le "party" qui a eu lieu dans le port de Boston? Boston {Tea} Party
81%
Qui a dirigé l'armée continentale ? George Washington
74%
Suite à quelle guerre contre notamment la France, la Grande-Bretagne sera endetté et imposera des taxes aux colonies ? Guerre de {Sept} {Ans}
72%
Quel major général français s'engage dans l'armée américaine et joue un rôle important pendant le conflit? Gilbert du Motier de La Fayette
57%
Qui était le roi de Grande-Bretagne à l'époque? Roi George III
54%
Sur quels idées les Américains s'inspirent pour la Constitution Américaine? Les idées des {Lumières}
53%
Qui a rédigé la "Déclaration d'indépendance"? Thomas Jefferson
52%
La guerre de l'indépendance des États-Unis conduisit la France au début de quel conflit de grande envergure? La {Révolution} {française}
50%
Dans quelle ville le Congrès continental s'est-il réuni? Philadelphie
49%
En quelle année fut signé le deuxième Traité de Paris et ainsi mettant fin à la guerre de l'indépendance des États-Unis d'Amérique? 1783
47%
Et en quel année le Traité d'Alliance a-t-il été signé? 1778
38%
Qui s'est rendu en France pour négocier une alliance? Benjamin Franklin
38%
Quel est le slogan célèbre des Treize Colonies suite aux impôts exigés par les Britanniques? « {No} {taxation} {without} {representation} »
34%
Comment s'appelaient les soldats britanniques ? (basé sur la couleur de leur uniforme) Les {Tuniques} {rouges}
26%
Où se sont déroulées les premières batailles? Lexington et {Concord}
23%
Dans quelle ville Cornwallis a-t-il capitulé? Yorktown
23%
Dans quel événement de 1770 cinq civils dont Crispus Attucks sont-ils morts ? Massacre de Boston
20%
Comment s'appelle les dix amendements rajouté à la Constitution? Bill of Rights
15%
Quelle série de batailles a été considérée comme le tournant de la guerre? Batailles de Saratoga
10%
En 1776, quel officier marin français transféra des munitions aux États-Unis? Latouche Tréville
1%
Aucun quiz correspondant
Distribution des résultats
% des personnes avec chaque résultat
Percentile par nombre de réponses
Votre historique - résultats
Vous n’avez pas pris ce quiz